| 000 | 00762nam a2200253Ia 4500 | ||
|---|---|---|---|
| 001 | 67471 | ||
| 003 | 140615 | ||
| 005 | 20251019172729.0 | ||
| 008 | ||||||n9999 ||| || || | ||
| 041 | _aspa | ||
| 245 | 0 | _aCómo salir de los atascaderos de la contratación pública con transparencia y eficiencia | |
| 260 |
_aBogotá : _bLa Veeduria, _c1996. |
||
| 300 | _a83p | ||
| 490 |
_aInstrumentos contra la corrupcion _v2 |
||
| 562 | _e1 | ||
| 650 |
_aCOLOMBIA _991505 |
||
| 650 | 0 |
_aContratación administrativa _99983 |
|
| 650 |
_aLUCHA CONTRA LA CORRUPCION _942837 |
||
| 650 |
_aREGIMEN CONTRACTUAL _989497 |
||
| 650 | 0 |
_aResponsabilidad contractual _925093 |
|
| 650 | 0 |
_aProcedimiento administrativo _9114190 |
|
| 942 | _cDOC | ||
| 942 | _cDO-GO | ||
| 999 |
_c67471 _d67471 |
||